Guillermo Conte (Record no. 667)

MARC details
000 -LEADER
campo de control de longitud fija 00535nam a22001457a 4500
008 - DATOS DE LONGITUD FIJA--INFORMACIÓN GENERAL
campo de control de longitud fija 150605b xxu||||| |||| 00| 0 eng d
082 ## - NÚMERO DE LA CLASIFICACIÓN DECIMAL DEWEY
Número de clasificación 708
Número de ítem G 244g
100 ## - ENTRADA PRINCIPAL--NOMBRE DE PERSONA
Nombre de persona Conte, Guillermo; Pérez-Ratton, Virginia; Gary Nader
9 (RLIN) 2996
245 ## - MENCIÓN DEL TÍTULO
Título Guillermo Conte
260 ## - PUBLICACIÓN, DISTRIBUCIÓN, ETC.
Lugar de publicación, distribución, etc. Miami
Nombre del editor, distribuidor, etc. Coral Gables
Fecha de publicación, distribución, etc. 2001
300 ## - DESCRIPCIÓN FÍSICA
Extensión 32 p.
Otras características físicas ill. (col)
Dimensiones 21.5x28 cm
600 ## - PUNTO DE ACCESO ADICIONAL DE MATERIA--NOMBRE DE PERSONA
Nombre de persona Conte, Guillermo
Fechas asociadas al nombre 1956
Subdivisión general Catalogos
9 (RLIN) 2997
650 ## - PUNTO DE ACCESO ADICIONAL DE MATERIA--TÉRMINO DE MATERIA
Subdivisión general Arte moderno-Argentina
-- Perez Ratton, Virginia
-- Gary Nader, Fine Art
9 (RLIN) 2998
700 ## - ENTRADA AGREGADA--NOMBRE PERSONAL
Nombre de persona Virginia Pérez-Ratton ; Nader Gary
9 (RLIN) 2999
Holdings
Estatus retirado Estado de pérdida Fuente del sistema de clasificación o colocación Estado de daño No para préstamo Biblioteca de origen Biblioteca actual Ubicación en estantería Fecha de adquisición Total de préstamos Signatura topográfica completa Código de barras Visto por última vez Precio de reemplazo Tipo de ítem Koha
    Clasificación Decimal Dewey     Biblioteca LadoV Biblioteca LadoV   05/06/2015   708 G 244g 000719 05/06/2015 05/06/2015 Material 01